| Поле | Инд. | ПП | Название | Значение |
|---|---|---|---|---|
| Тип записи | a | |||
| Библиографический уровень | m | |||
| 001 | Контрольный номер | 4ea71e5f-dc51-41f7-bbc0-9fc3b8f4f031 | ||
| 005 | Дата корректировки | 20170410145729.8 | ||
| 008 | Кодируемые данные | 061229 | ||
| 020 | c | Цена, тираж | 25.00 | |
| 040 | a | Служба первич. каталог. | НБ ТвГУ | |
| 041 | 0_ | a | Код языка текста | rus |
| 080 | a | Индекс УДК | 32.001(470)(091)"17/18" | |
| a | Индекс УДК | 34(470)(092) | ||
| a | Индекс УДК | 929Третьяков | ||
| 084 | a | Индекс другой классификации/Индекс ББК | Ф1(2)513-13 | |
| a | Индекс другой классификации/Индекс ББК | Х1(2)5 | ||
| 090 | a | Полочн. индекс | Ф1(2)51 | |
| x | Авторский знак | Б82 | ||
| 100 | 1_ | a | Автор | Борисов Александр Васильевич |
| q | Полное имя | Борисов А. В. | ||
| 245 | 10 | a | Заглавие | Политические и правовые взгляды И. А. Третьякова в контексте генезиса российской юридической науки |
| b | Продолж. заглавия | учебное пособие | ||
| c | Ответственность | Твер. гос. ун-т ; авт. предисл. В. И. Крусс | ||
| 260 | 0_ | a | Место издания | Тверь |
| b | Издательство | Тверской государственный университет | ||
| c | Дата издания | 2006 | ||
| 300 | a | Объем | 77, [2] с. | |
| 500 | a | Примечание | Опубликованы 3 статьи Третьякова И. А. | |
| 504 | a | Библиография | Библиогр. в подстроч. примеч. | |
| 583 | a | Действие | Получение впервые 514 29.12.2006 | |
| k | Исполнитель действия | РИО | ||
| 583 | a | Действие | Приписка 115 22.05.2007 | |
| k | Исполнитель действия | Дар читателя | ||
| 650 | 04 | a | Основная рубрика | Третьяков, Иван Андреевич, о нем |
| 650 | 04 | a | Основная рубрика | Политические учения |
| x | Основная подрубрика | История | ||
| y | Хронологическая подрубрика | 18-19 вв. | ||
| 650 | 04 | a | Основная рубрика | Правовые учения |
| x | Основная подрубрика | История | ||
| y | Хронологическая подрубрика | 18-19 вв. | ||
| z | Географическая подрубрика | Россия | ||
| 650 | 04 | a | Основная рубрика | Юридические науки |
| 653 | 0_ | a | Ключевые слова | История политических учений |
| a | Ключевые слова | История правовых учений | ||
| a | Ключевые слова | Персоналии | ||
| a | Ключевые слова | Политические учения | ||
| a | Ключевые слова | Правовые учения | ||
| a | Ключевые слова | Русское право | ||
| a | Ключевые слова | Третьяков Иван Андреевич | ||
| a | Ключевые слова | Юридические науки | ||
| a | Ключевые слова | Труды Тверского государственного университета | ||
| 700 | 1_ | a | Другие авторы | Ермишкина Ольга Константиновна |
| q | Полное имя | Ермишкина О. К. | ||
| 700 | 1_ | a | Другие авторы | Смирнов Сергей Николаевич |
| q | Полное имя | Смирнов С. Н. | ||
| 700 | 12 | a | Другие авторы | Крусс Владимир Иванович |
| e | Роль лиц | авт. предисл. | ||
| t | Заглавие произведения | У истоков отечественного правоведения и юридического образования: И. А. Третьяков | ||
| 863 | t | 00158076 | ||
| 863 | t | 00158077 | ||
| 863 | t | 00158078 | ||
| 863 | t | 00158079 | ||
| 863 | t | 00158080 | ||
| 863 | t | 00161977 | ||
| 863 | t | 00161978 | ||
| 901 | t | Тип документа | m | |
| 930 | a | Новая/Ретро | персоналии | |
| 952 | p | 514.2006 25.00 1 867993 | ||
| p | 514.2006 25.00 1 867994 | |||
| p | 514.2006 25.00 1 867995 | |||
| p | 514.2006 25.00 1 867996 | |||
| p | 514.2006 25.00 1 867997 | |||
| p | 514.2006 25.00 1 867998 | |||
| p | 514.2006 25.00 1 867999 | |||
| p | 514.2006 25.00 1 868000 | |||
| p | 115.2007 55.00 1 876098 | |||
| p | 115.2007 55.00 1 876099 | |||
| c | Вид литературы | К ру | ||
| 954 | a | Дата поступления на обработку | 20080312 | |
| 999 | a | Подразделение 2 | Фил1 | |
| a | Подразделение 2 | ч.з. | ||
| a | Подразделение 2 | ОРК |